| 000 | 00361nam a22001577a 4500 | ||
|---|---|---|---|
| 003 | SGT | ||
| 020 | _a9393480303 | ||
| 082 |
_a616.01 _bM26M |
||
| 100 | _aMARATHA, SUSHMA | ||
| 245 | _aMICROBIOLOGY FOR NURSING | ||
| 260 |
_aNEW DELHI _bBIRLA PUB. _c2025 |
||
| 300 | _a191 | ||
| 650 | _aMICROBIOLOGY | ||
| 653 | _aNURSING, MICROBIOLOGY | ||
| 942 |
_2ddc _cGF BOOKS |
||
| 999 |
_c32165 _d32165 |
||